000 00366nam a2200109Ia 4500
003 yeezen
005 20250916134944.0
008 180222s9999||||xx |||||||||||||| ||und||
110 _a財團法人醫院評鑑暨醫療品質策進會
245 0 _c財團法人醫院評鑑暨醫療品質策進會
_a翻轉醫院評鑑-以病人為焦點之查證方式
942 _2ccl
_cLNTERM
999 _c6724
_d6724